[Event "Molodezhnoe"]
[Site "Molodezhnoe"]
[Date "2019.07.24"]
[Round "5"]
[White "Askerov, Marat"]
[Black "Siagodnik, Anton"]
[Result "1-0"]
[WhiteElo "2327"]
[BlackElo "2261"]
[PlyCount "125"]
[EventDate "2019.07.20"]
[EventType "tourn"]
[EventRounds "9"]
[EventCountry "RUS"]
[EventCategory "2"]
[SourceTitle "CBM 191 Extra"]
[Source "ChessBase"]
[SourceDate "2019.09.30"]
[SourceVersion "1"]
[SourceVersionDate "2019.09.30"]
[SourceQuality "1"]

1. d4 f5 2. Nf3 Nf6 3. g3 g6 4. Bg2 Bg7 5. 0-0 0-0 6. Nbd2 d6 7. Re1 Nc6 8. e4 fxe4 9. Nxe4 Nxe4 10. Rxe4 Bf5 11. Re1 e5 12. Bg5 Bf6 13. Bh6 Re8 14. dxe5 dxe5 15. c3 Qxd1 16. Raxd1 Rad8 17. Ng5 Rxd1 18. Rxd1 e4 19. h3 Bxg5 20. Bxg5 h5 21. Kf1 Ne5 22. Rd8 Rxd8 23. Bxd8 c6 24. Ke2 Kf7 25. b3 Nd3 26. Ke3 Nc5 27. Bc7 Kf6 28. Bb8 a6 29. Ba7 Nd7 30. Bd4+ Kf7 31. Kf4 c5 32. Bh8 Nf8 33. g4 hxg4 34. hxg4 Bc8 35. Bxe4 b5 36. Kg3 Nd7 37. Bd5+ Ke7 38. f4 Nb6 39. Be4 Kf7 40. f5 gxf5 41. Bxf5 Bxf5 42. gxf5 a5 43. Kf4 a4 44. Ke5 b4 45. cxb4 cxb4 46. Kd6 axb3 47. axb3 Nc8+ 48. Kc5 Ne7 49. f6 Ng6 50. Bg7 Ke6 51. Kxb4 Ne5 52. Kb5 Kd5 53. b4 Nc4 54. Ka6 Nd6 55. Bf8 Nc4 56. Be7 Ne5 57. b5 Ke6 58. b6 Kd7 59. b7 Nc6 60. Kb6 Nb8 61. Ka7 Nc6+ 62. Ka8 Kc7 63. f7 1-0

[Event "Molodezhnoe"]
[Site "Molodezhnoe"]
[Date "2019.07.21"]
[Round "2"]
[White "Kiselev, Pavel"]
[Black "Askerov, Marat"]
[Result "1-0"]
[WhiteElo "2244"]
[BlackElo "2327"]
[PlyCount "65"]
[EventDate "2019.07.20"]
[EventType "tourn"]
[EventRounds "9"]
[EventCountry "RUS"]
[EventCategory "2"]
[SourceTitle "CBM 191 Extra"]
[Source "ChessBase"]
[SourceDate "2019.09.30"]
[SourceVersion "1"]
[SourceVersionDate "2019.09.30"]
[SourceQuality "1"]

1. Nf3 Nf6 2. d4 e6 3. Bf4 c5 4. c3 b6 5. e3 Be7 6. h3 0-0 7. Bd3 Ba6 8. Bxa6 Nxa6 9. Nbd2 cxd4 10. exd4 Nc7 11. 0-0 d6 12. a4 Ncd5 13. Bh2 Qd7 14. Qb3 Rfb8 15. c4 Nc7 16. Qd3 a5 17. Nb1 Na6 18. Nc3 Rd8 19. Nb5 Rac8 20. Rac1 Qb7 21. Qe2 Nb4 22. Rfe1 d5 23. b3 dxc4 24. bxc4 Bf8 25. Ne5 Nd7 26. Nxf7 e5 27. Nxd8 Rxd8 28. dxe5 Nc5 29. Red1 Ncd3 30. Rc3 Qf7 31. Rcxd3 Nxd3 32. Rxd3 Qxc4 33. Nd6 1-0

[Event "Molodezhnoe"]
[Site "Molodezhnoe"]
[Date "2019.07.20"]
[Round "1"]
[White "Askerov, Marat"]
[Black "Shubin, Kirill"]
[Result "1/2-1/2"]
[WhiteElo "2327"]
[BlackElo "2426"]
[PlyCount "66"]
[EventDate "2019.07.20"]
[EventType "tourn"]
[EventRounds "9"]
[EventCountry "RUS"]
[EventCategory "2"]
[SourceTitle "CBM 191 Extra"]
[Source "ChessBase"]
[SourceDate "2019.09.30"]
[SourceVersion "1"]
[SourceVersionDate "2019.09.30"]
[SourceQuality "1"]

1. d4 e6 2. c4 Nf6 3. Nf3 b6 4. g3 Bb7 5. Bg2 Be7 6. 0-0 0-0 7. Re1 Na6 8. Ne5 Bxg2 9. Kxg2 c5 10. d5 exd5 11. cxd5 Re8 12. Nc3 Bf8 13. Nc4 d6 14. f3 Nc7 15. a4 Rb8 16. e4 a6 17. Bf4 b5 18. Na5 bxa4 19. Qd2 Qd7 20. Nc6 Rb4 21. Bg5 Nh5 22. Rxa4 f5 23. Qc2 Rb6 24. Re2 h6 25. Bc1 Nf6 26. b4 fxe4 27. fxe4 cxb4 28. Rxb4 Rxb4 29. Nxb4 Nb5 30. Nxb5 Qxb5 31. Nc6 a5 32. Nd4 Qa6 33. Bb2 a4 1/2-1/2

[Event "RUS-chT 26th"]
[Site "Sochi"]
[Date "2019.05.10"]
[Round "9.5"]
[White "Makhmutov, Rail"]
[Black "Askerov, Marat"]
[Result "1-0"]
[WhiteElo "2390"]
[BlackElo "2315"]
[PlyCount "89"]
[EventDate "2019.05.01"]
[EventType "team-tourn"]
[EventRounds "9"]
[EventCountry "RUS"]
[SourceTitle "CBM 190 Extra"]
[Source "ChessBase"]
[SourceDate "2019.07.15"]
[SourceVersion "1"]
[SourceVersionDate "2019.07.15"]
[SourceQuality "1"]
[WhiteTeam "Tatarstan Ladya"]
[BlackTeam "St Petersburg SShOR"]
[WhiteTeamCountry "RUS"]
[BlackTeamCountry "RUS"]

1. d4 Nf6 2. c4 e6 3. Nc3 Bb4 4. g3 0-0 5. Bg2 d6 6. Nf3 Bxc3+ 7. bxc3 Nbd7 8. Qd3 e5 9. Nd2 Rb8 10. a4 b6 11. a5 Bb7 12. e4 c5 13. axb6 Qxb6 14. Rb1 Qc7 15. 0-0 Rfe8 16. Ba3 a5 17. f4 Ba6 18. Rbe1 h6 19. d5 Nb6 20. Bf3 Nfd7 21. Rb1 Rb7 22. Be2 Reb8 23. Qc2 Nf8 24. fxe5 dxe5 25. Rf2 Nc8 26. Rbf1 Nd6 27. Qa4 Ra7 28. h4 Bc8 29. Kh2 Bd7 30. Qd1 a4 31. Bd3 Qc8 32. Be2 Nh7 33. Bh5 f6 34. Qe2 Nf8 35. g4 Nh7 36. Rg1 Rc7 37. Bg6 Nf8 38. Bf5 Bxf5 39. gxf5 Kh8 40. Rfg2 Nh7 41. Qe3 Rbb7 42. Rg3 Nf8 43. Bxc5 Rd7 44. Bb4 Rbc7 45. c5 1-0